[Event "BLR-ch"]
[Site "Minsk"]
[Date "2008.01.21"]
[Round "12"]
[White "Podolchenko, Evgeniy"]
[Black "Zhigalko, Sergei"]
[Result "1/2-1/2"]
[WhiteElo "2467"]
[BlackElo "2558"]
[PlyCount "30"]
[EventDate "2008.01.10"]
[EventType "tourn"]
[EventRounds "13"]
[EventCountry "BLR"]
[EventCategory "9"]
[SourceTitle "CBM 122 Extra"]
[Source "ChessBase"]
[SourceDate "2008.03.04"]
[SourceVersion "1"]
[SourceVersionDate "2008.03.04"]
[SourceQuality "1"]

1. d4 d5 2. c4 e6 3. Nc3 c6 4. e3 Bd6 5. Bd3 f5 6. Qc2 Nf6 7. cxd5 cxd5 8. Nb5 Nc6 9. Nxd6+ Qxd6 10. Bd2 Ne4 11. Ne2 Bd7 12. f3 Nxd2 13. Qxd2 Rc8 14. a3 O-O 15. O-O Ne7 1/2-1/2

[Event "BLR-ch"]
[Site "Minsk"]
[Date "2008.01.22"]
[Round "13"]
[White "Zhigalko, Sergei"]
[Black "Tihonov, Jurij"]
[Result "1-0"]
[WhiteElo "2558"]
[BlackElo "2497"]
[PlyCount "63"]
[EventDate "2008.01.10"]
[EventType "tourn"]
[EventRounds "13"]
[EventCountry "BLR"]
[EventCategory "9"]
[SourceTitle "CBM 122 Extra"]
[Source "ChessBase"]
[SourceDate "2008.03.04"]
[SourceVersion "1"]
[SourceVersionDate "2008.03.04"]
[SourceQuality "1"]

1. e4 c5 2. Nf3 d6 3. d4 cxd4 4. Nxd4 Nf6 5. Nc3 a6 6. Be3 e5 7. Nb3 Be6 8. Qd2 Nbd7 9. O-O-O Be7 10. f4 Rc8 11. f5 Bc4 12. h3 b5 13. g4 b4 14. Nd5 Nxe4 15. Qg2 Bxd5 16. Rxd5 Nef6 17. Rd1 h6 18. Bxa6 Rb8 19. h4 h5 20. g5 Ng4 21. Bg1 Ra8 22. Bb7 Rxa2 23. Kb1 Ra5 24. Qc6 e4 25. Nxa5 Qxa5 26. Rd5 Qd8 27. Bc8 e3 28. Bh2 e2 29. Bf4 O-O 30. Bxd7 Qb8 31. Qa6 Qc7 32. Ba4 1-0

[Event "EU-ch 9th"]
[Site "Plovdiv"]
[Date "2008.04.21"]
[Round "1"]
[White "Zhigalko, Sergei"]
[Black "Kanakaris, Georgios"]
[Result "1-0"]
[WhiteElo "2568"]
[BlackElo "2300"]
[PlyCount "57"]
[EventDate "2008.04.21"]
[EventType "swiss"]
[EventRounds "11"]
[EventCountry "BUL"]
[SourceTitle "CBM 124"]
[Source "ChessBase"]
[SourceDate "2008.05.28"]
[SourceVersion "1"]
[SourceVersionDate "2008.05.28"]
[SourceQuality "1"]

1. e4 e6 2. d4 d5 3. e5 c5 4. c3 Nc6 5. Nf3 Qb6 6. a3 a5 7. Bd3 cxd4 8. cxd4 Bd7 9. Bc2 g5 10. h3 h6 11. Nc3 Nge7 12. Be3 Bg7 13. O-O f5 14. exf6 Bxf6 15. Re1 O-O-O 16. Qd2 Rdg8 17. Na4 Qc7 18. b4 g4 19. Bf4 Qd8 20. hxg4 Rxg4 21. b5 Rhg8 22. g3 Qf8 23. bxc6 Nxc6 24. Nb6+ Kd8 25. Nxd7 Kxd7 26. Ba4 Bh8 27. Bxc6+ bxc6 28. Ne5+ Bxe5 29. Bxe5 1-0

[Event "EU-ch 9th"]
[Site "Plovdiv"]
[Date "2008.04.24"]
[Round "4"]
[White "Akopian, Vladimir Eduardovic"]
[Black "Zhigalko, Sergei"]
[Result "1-0"]
[WhiteElo "2673"]
[BlackElo "2568"]
[PlyCount "95"]
[EventDate "2008.04.21"]
[EventType "swiss"]
[EventRounds "11"]
[EventCountry "BUL"]
[SourceTitle "CBM 124"]
[Source "ChessBase"]
[SourceDate "2008.05.28"]
[SourceVersion "1"]
[SourceVersionDate "2008.05.28"]
[SourceQuality "1"]

1. e4 c5 2. Nf3 Nc6 3. Bb5 Nf6 4. Nc3 Qc7 5. d3 a6 6. Bxc6 Qxc6 7. O-O e6 8. Bg5 d6 9. Re1 Be7 10. e5 dxe5 11. Nxe5 Qc7 12. Qf3 O-O 13. a4 b6 14. a5 Bb7 15. axb6 Qxb6 16. Nc4 Qc7 17. Qg3 Qxg3 18. hxg3 Rab8 19. Ra5 Rfd8 20. Na4 Rbc8 21. Ra1 h6 22. Be3 Nd7 23. Ra3 g5 24. Nab6 Nxb6 25. Nxb6 Rc7 26. Rc3 Rc6 27. Rb3 Rc7 28. c4 e5 29. Na4 e4 30. dxe4 Bxe4 31. Bxc5 Bf6 32. Rxa6 Bc2 33. Rb5 Bg7 34. Nb6 Rd1+ 35. Kh2 Rc6 36. Ra8+ Kh7 37. Ra7 Kg6 38. Nd5 Re6 39. Be3 Be4 40. b3 Rb1 41. Ne7+ Kh7 42. Nf5 Re5 43. Rxf7 Rxf5 44. Rbxf5 Bxf5 45. Bd4 Kg6 46. Rxg7+ Kh5 47. Rf7 Bc2 48. g4+ 1-0

[Event "EU-ch 9th"]
[Site "Plovdiv"]
[Date "2008.04.25"]
[Round "5"]
[White "Zhigalko, Sergei"]
[Black "Ter Sahakyan, Samvel"]
[Result "1/2-1/2"]
[WhiteElo "2568"]
[BlackElo "2449"]
[PlyCount "74"]
[EventDate "2008.04.21"]
[EventType "swiss"]
[EventRounds "11"]
[EventCountry "BUL"]
[SourceTitle "CBM 124"]
[Source "ChessBase"]
[SourceDate "2008.05.28"]
[SourceVersion "1"]
[SourceVersionDate "2008.05.28"]
[SourceQuality "1"]

1. c4 e5 2. Nc3 Nc6 3. Nf3 g6 4. d3 Bg7 5. g3 Nge7 6. Bg2 d6 7. Rb1 Bf5 8. e4 Bg4 9. h3 Bxf3 10. Bxf3 O-O 11. Bg2 f5 12. exf5 Nxf5 13. O-O Qd7 14. b4 a6 15. a4 Rab8 16. b5 Ncd4 17. Kh2 a5 18. Qg4 Kh8 19. Bd2 Qf7 20. Ne4 b6 21. Ng5 Qe7 22. h4 h6 23. Ne4 Qf7 24. Nc3 h5 25. Qd1 Bh6 26. Nd5 Bxd2 27. Qxd2 Rbe8 28. Be4 Qg7 29. Kg2 Rf7 30. f4 Ref8 31. Rf2 Nh6 32. Rff1 Ng4 33. Rbe1 Nb3 34. Qc2 Nd4 35. Qd2 Nb3 36. Qc2 Nd4 37. Qd2 Nb3 1/2-1/2

[Event "EU-ch 9th"]
[Site "Plovdiv"]
[Date "2008.04.26"]
[Round "6"]
[White "Berczes, David"]
[Black "Zhigalko, Sergei"]
[Result "0-1"]
[WhiteElo "2453"]
[BlackElo "2568"]
[PlyCount "102"]
[EventDate "2008.04.21"]
[EventType "swiss"]
[EventRounds "11"]
[EventCountry "BUL"]
[SourceTitle "CBM 124"]
[Source "ChessBase"]
[SourceDate "2008.05.28"]
[SourceVersion "1"]
[SourceVersionDate "2008.05.28"]
[SourceQuality "1"]

1. d4 Nf6 2. c4 e6 3. Nc3 Bb4 4. e3 O-O 5. a3 Bxc3+ 6. bxc3 c5 7. Bd3 Nc6 8. Ne2 b6 9. O-O Ba6 10. e4 Ne8 11. Ng3 Rc8 12. f4 f6 13. d5 Na5 14. Qe2 Qe7 15. e5 f5 16. d6 Qd8 17. a4 g6 18. Be3 Ng7 19. Rfb1 Kh8 20. Nf1 Qh4 21. Nd2 Qg4 22. Qf2 Qh5 23. Be2 Qh6 24. Nb3 Nxb3 25. Rxb3 Bb7 26. a5 Be4 27. axb6 axb6 28. Rxb6 g5 29. Ra7 Ra8 30. fxg5 Qg6 31. Rxa8 Rxa8 32. h3 Rf8 33. Bf4 Nh5 34. Ra6 Nxf4 35. Qxf4 Rb8 36. Ra7 Qg7 37. Ra2 Rb1+ 38. Kf2 h6 39. h4 hxg5 40. hxg5 Qh7 41. Bf3 Bxf3 42. Kxf3 Rf1+ 43. Rf2 Re1 44. Rb2 Qh5+ 45. Kf2 Qh1 46. Kf3 Re4 47. Qd2 Qf1+ 48. Kg3 Kg7 49. g6 Kxg6 50. Qf2 Qh1 51. Kf3 Qh5+ 0-1

[Event "Chigorin Memorial 16th"]
[Site "St Petersburg"]
[Date "2008.10.04"]
[Round "1"]
[White "Zhigalko, Sergei"]
[Black "Duzhakov, Ilya"]
[Result "1-0"]
[WhiteElo "2592"]
[BlackElo "2276"]
[PlyCount "61"]
[EventDate "2008.10.03"]
[EventType "swiss"]
[EventRounds "9"]
[EventCountry "RUS"]
[SourceTitle "CBM 126 Extra"]
[Source "ChessBase"]
[SourceDate "2008.11.05"]
[SourceVersion "1"]
[SourceVersionDate "2008.11.05"]
[SourceQuality "1"]

1. e4 c5 2. Nf3 d6 3. d4 Nf6 4. Nc3 cxd4 5. Qxd4 a6 6. Bc4 Nc6 7. Qd3 g6 8. Bg5 Bg7 9. Bb3 O-O 10. O-O-O Nd7 11. Qe3 b5 12. Kb1 Bb7 13. h4 Qb6 14. Qxb6 Nxb6 15. Nd5 Nc8 16. h5 a5 17. a3 Rd8 18. hxg6 hxg6 19. Rh4 Rd7 20. Rdh1 Ne5 21. Bh6 Nxf3 22. gxf3 Bf6 23. Nxf6+ exf6 24. Be3 Kf8 25. Bd4 Ke7 26. Rf4 f5 27. exf5 gxf5 28. Rxf5 d5 29. Rh7 Nd6 30. Re5+ Kd8 31. Bb6+ 1-0

[Event "Chigorin Memorial 16th"]
[Site "St Petersburg"]
[Date "2008.10.05"]
[Round "2"]
[White "Solovjov, Sergey"]
[Black "Zhigalko, Sergei"]
[Result "1/2-1/2"]
[WhiteElo "2419"]
[BlackElo "2592"]
[PlyCount "42"]
[EventDate "2008.10.03"]
[EventType "swiss"]
[EventRounds "9"]
[EventCountry "RUS"]
[SourceTitle "CBM 126 Extra"]
[Source "ChessBase"]
[SourceDate "2008.11.05"]
[SourceVersion "1"]
[SourceVersionDate "2008.11.05"]
[SourceQuality "1"]

1. e4 c5 2. Nf3 Nc6 3. d4 cxd4 4. Nxd4 Nf6 5. Nc3 e5 6. Ndb5 d6 7. Bg5 a6 8. Na3 b5 9. Bxf6 gxf6 10. Nd5 Bg7 11. Bd3 Ne7 12. Nxe7 Qxe7 13. O-O O-O 14. c4 f5 15. Qh5 Rb8 16. exf5 e4 17. Rae1 Bb7 18. Qg4 Kh8 19. Bxe4 Rfe8 20. Bd3 Qxe1 21. f6 Bxf6 1/2-1/2

[Event "Chigorin Memorial 16th"]
[Site "St Petersburg"]
[Date "2008.10.05"]
[Round "3"]
[White "Zhigalko, Sergei"]
[Black "Pankov, German"]
[Result "1-0"]
[WhiteElo "2592"]
[BlackElo "2375"]
[PlyCount "97"]
[EventDate "2008.10.03"]
[EventType "swiss"]
[EventRounds "9"]
[EventCountry "RUS"]
[SourceTitle "CBM 126 Extra"]
[Source "ChessBase"]
[SourceDate "2008.11.05"]
[SourceVersion "1"]
[SourceVersionDate "2008.11.05"]
[SourceQuality "1"]

1. e4 c5 2. Nf3 Nc6 3. Bb5 e6 4. O-O Nge7 5. c3 a6 6. Ba4 b5 7. Bc2 Bb7 8. Re1 Rc8 9. a4 d5 10. e5 d4 11. Be4 Nd5 12. Na3 b4 13. Nc4 Nb6 14. Nxb6 Qxb6 15. cxd4 cxd4 16. d3 Be7 17. Nd2 Na5 18. Qg4 g6 19. Bxb7 Qxb7 20. Ne4 Nb3 21. Bg5 Nxa1 22. Bxe7 Kxe7 23. Qf4 Rhd8 24. Rxa1 Rc6 25. h3 Qc7 26. Re1 a5 27. Nf6 h5 28. Re4 Rc1+ 29. Kh2 Rd1 30. Qg5 Kf8 31. Rf4 Re1 32. Qh6+ Ke7 33. Ng4 hxg4 34. Rxf7+ Kxf7 35. Qh7+ Ke8 36. Qxc7 Rd5 37. Qg7 Rexe5 38. Qxg6+ Ke7 39. Qg7+ Kd6 40. hxg4 Re2 41. Qf8+ Kd7 42. b3 Rc2 43. f4 Rc3 44. g5 Rc8 45. Qg7+ Kd6 46. g4 Rc2+ 47. Kg3 Rdc5 48. g6 R2c3 49. Qf8+ 1-0

[Event "Chigorin Memorial 16th"]
[Site "St Petersburg"]
[Date "2008.10.07"]
[Round "5"]
[White "Zhigalko, Sergei"]
[Black "Gubajdullin, Alexey"]
[Result "1-0"]
[WhiteElo "2592"]
[BlackElo "2462"]
[PlyCount "93"]
[EventDate "2008.10.03"]
[EventType "swiss"]
[EventRounds "9"]
[EventCountry "RUS"]
[SourceTitle "CBM 126 Extra"]
[Source "ChessBase"]
[SourceDate "2008.11.05"]
[SourceVersion "1"]
[SourceVersionDate "2008.11.05"]
[SourceQuality "1"]

1. e4 e5 2. Nf3 Nc6 3. Bb5 Nf6 4. O-O Nxe4 5. d4 Nd6 6. Bxc6 dxc6 7. dxe5 Nf5 8. Qxd8+ Kxd8 9. Nc3 Bd7 10. h3 h6 11. b3 Kc8 12. Bb2 a5 13. Rad1 b6 14. a4 Bb4 15. Ne4 Be6 16. g4 Ne7 17. Nd4 Bd5 18. Ng3 b5 19. axb5 cxb5 20. Nxb5 a4 21. Bc3 Bc5 22. Bd4 Bxd4 23. Rxd4 axb3 24. Nf5 Nxf5 25. Rxd5 Ne7 26. Rc5 c6 27. cxb3 Rb8 28. Ra1 Rd8 29. Nd6+ Kd7 30. f4 Ra8 31. Rca5 Rxa5 32. Rxa5 Rb8 33. f5 Nc8 34. Nxf7 Rxb3 35. Kg2 Ke7 36. Ra8 Rb2+ 37. Kg3 Rb3+ 38. Kf4 Rb4+ 39. Ke3 Rb3+ 40. Ke4 Rb4+ 41. Kd3 Rb3+ 42. Kc2 Rxh3 43. Rxc8 Kxf7 44. e6+ Ke7 45. Rg8 h5 46. Rxg7+ Kf8 47. f6 1-0

[Event "Chigorin Memorial 16th"]
[Site "St Petersburg"]
[Date "2008.10.09"]
[Round "7"]
[White "Zhigalko, Sergei"]
[Black "Teterev, Vitaly"]
[Result "1/2-1/2"]
[WhiteElo "2592"]
[BlackElo "2513"]
[PlyCount "88"]
[EventDate "2008.10.03"]
[EventType "swiss"]
[EventRounds "9"]
[EventCountry "RUS"]
[SourceTitle "CBM 126 Extra"]
[Source "ChessBase"]
[SourceDate "2008.11.05"]
[SourceVersion "1"]
[SourceVersionDate "2008.11.05"]
[SourceQuality "1"]

1. e4 c5 2. Nf3 Nc6 3. Bb5 g6 4. Bxc6 dxc6 5. d3 Bg7 6. h3 b6 7. Nc3 Nh6 8. Be3 f6 9. Qd2 Nf7 10. e5 O-O 11. O-O-O Be6 12. Rhe1 fxe5 13. Ng5 Bd5 14. Nxf7 Rxf7 15. f3 Qd6 16. Kb1 Rd8 17. Qe2 Qf6 18. Qd2 Rd6 19. Qc1 Qf5 20. b3 Qh5 21. Bd2 Qh4 22. Ne4 Bxe4 23. Rxe4 Qf6 24. Bc3 Rd5 25. Rde1 Qd6 26. Qb2 Bf6 27. R1e2 Bg7 28. Qc1 Rf5 29. Qe1 Bf6 30. R2e3 Bg5 31. Bxe5 Rfxe5 32. Rxe5 Bxe3 33. Rxe3 Kf7 34. Re4 Rd4 35. Qh4 h5 36. Qe1 Rxe4 37. Qxe4 Qd4 38. Qe1 a5 39. a4 Kf6 40. h4 Qe5 41. Qf2 Qd4 42. Qe1 Qe5 43. Qf2 Qd4 44. Qg3 Qe5 1/2-1/2

[Event "Chigorin Memorial 16th"]
[Site "St Petersburg"]
[Date "2008.10.11"]
[Round "9"]
[White "Zhigalko, Sergei"]
[Black "Levin, Evgeny A"]
[Result "1/2-1/2"]
[WhiteElo "2592"]
[BlackElo "2487"]
[PlyCount "199"]
[EventDate "2008.10.03"]
[EventType "swiss"]
[EventRounds "9"]
[EventCountry "RUS"]
[SourceTitle "CBM 126 Extra"]
[Source "ChessBase"]
[SourceDate "2008.11.05"]
[SourceVersion "1"]
[SourceVersionDate "2008.11.05"]
[SourceQuality "1"]

1. e4 c5 2. Nf3 d6 3. d4 cxd4 4. Qxd4 Nc6 5. Bb5 Bd7 6. Bxc6 Bxc6 7. Nc3 Nf6 8. Bg5 e6 9. O-O-O Be7 10. Rhe1 O-O 11. Kb1 Qc7 12. Qd2 Rfc8 13. Nd4 b5 14. f3 b4 15. Nce2 a5 16. g4 a4 17. Ng3 Ra5 18. h4 Rc5 19. Rc1 Be8 20. Rg1 Rc4 21. Nh5 Qd8 22. Ng3 Qc7 23. Nh5 Qd8 24. Ne2 d5 25. Bxf6 Bxf6 26. g5 Be5 27. f4 Bc3 28. bxc3 bxc3 29. Nxc3 Qa5 30. Nf6+ Kh8 31. Nxe8 Rxc3 32. Ka1 Rxe8 33. exd5 exd5 34. Rge1 Rec8 35. Re5 a3 36. Rxd5 Qc7 37. Rd7 Qa5 38. Rxf7 Qc5 39. Rd7 Qf8 40. h5 R3c7 41. Rxc7 Rxc7 42. Qd4 Qe7 43. Rb1 Qf8 44. Qd6 Qc8 45. Qxa3 Rxc2 46. Qb3 Rc1 47. Qb2 Rxb1+ 48. Kxb1 Qf5+ 49. Qc2 Qb5+ 50. Kc1 Qf1+ 51. Kb2 Qb5+ 52. Qb3 Qe2+ 53. Ka3 Qa6+ 54. Kb4 Qb7+ 55. Kc4 Qc7+ 56. Kd3 Qxf4 57. Qd5 Qg3+ 58. Kc4 Qc7+ 59. Kb5 Qb8+ 60. Ka6 Qc8+ 61. Ka7 Qc7+ 62. Ka6 Qc8+ 63. Ka5 Qc7+ 64. Kb4 Qb8+ 65. Ka3 Qa7+ 66. Kb3 Qb8+ 67. Kc2 Qh2+ 68. Qd2 Qc7+ 69. Kd1 Qb8 70. Qd3 Qa8 71. Qe2 Qd5+ 72. Qd2 Qh1+ 73. Kc2 Qc6+ 74. Qc3 Qa4+ 75. Kb2 Qb5+ 76. Qb3 Qe5+ 77. Kc2 Qc5+ 78. Kd3 Qf5+ 79. Ke2 Qg4+ 80. Kd3 Qf5+ 81. Kc4 Qg4+ 82. Kc3 Qg3+ 83. Kb2 Qe5+ 84. Qc3 Qb5+ 85. Ka3 Qa6+ 86. Kb3 Qe6+ 87. Qc4 Qb6+ 88. Ka4 Qa7+ 89. Kb4 Qb6+ 90. Qb5 Qd4+ 91. Qc4 Qb6+ 92. Kc3 Qe3+ 93. Kc2 Qf2+ 94. Kd1 Qg1+ 95. Ke2 Qg2+ 96. Kd1 Qg1+ 97. Kc2 Qf2+ 98. Kd3 Qf3+ 99. Kd4 Qf4+ 100. Kc5 1/2-1/2

[Event "Olympiad-38"]
[Site "Dresden"]
[Date "2008.11.13"]
[Round "1"]
[White "Escobar Forero, Alder"]
[Black "Zhigalko, Sergei"]
[Result "0-1"]
[WhiteElo "2482"]
[BlackElo "2592"]
[PlyCount "80"]
[EventDate "2008.11.13"]
[EventType "team-swiss"]
[EventRounds "11"]
[EventCountry "GER"]
[SourceTitle "CBM 128"]
[Source "ChessBase"]
[SourceDate "2009.01.28"]
[SourceVersion "1"]
[SourceVersionDate "2009.01.28"]
[SourceQuality "1"]
[WhiteTeam "Columbia"]
[BlackTeam "Belarus"]
[WhiteTeamCountry "COL"]
[BlackTeamCountry "BLR"]

1. e4 c5 2. Nf3 Nc6 3. d4 cxd4 4. Nxd4 Nf6 5. Nc3 e5 6. Ndb5 d6 7. Bg5 a6 8. Na3 b5 9. Nd5 Be7 10. Bxf6 Bxf6 11. c4 b4 12. Nc2 a5 13. Be2 O-O 14. Bg4 Be6 15. g3 Bg5 16. h4 Bh6 17. Bh3 Rb8 18. b3 Qd7 19. g4 Bf4 20. Qf3 Bxd5 21. exd5 Ne7 22. Ne3 f5 23. Nxf5 Nxf5 24. gxf5 Qa7 25. O-O g6 26. Kh1 gxf5 27. Bxf5 Kh8 28. Be6 Bd2 29. Qg3 Bc3 30. Rad1 Bd4 31. Rd2 Rf6 32. Rg1 Rg6 33. Qf3 Rxg1+ 34. Kxg1 Qe7 35. Qg3 Rf8 36. Kg2 Qf6 37. Re2 e4 38. Rxe4 Bxf2 39. Qxd6 Qf3+ 40. Kh2 Bg1+ 0-1

[Event "Olympiad-38"]
[Site "Dresden"]
[Date "2008.11.16"]
[Round "4"]
[White "Isaev, Jamshed"]
[Black "Zhigalko, Sergei"]
[Result "1/2-1/2"]
[WhiteElo "2400"]
[BlackElo "2592"]
[PlyCount "89"]
[EventDate "2008.11.13"]
[EventType "team-swiss"]
[EventRounds "11"]
[EventCountry "GER"]
[SourceTitle "CBM 128"]
[Source "ChessBase"]
[SourceDate "2009.01.28"]
[SourceVersion "1"]
[SourceVersionDate "2009.01.28"]
[SourceQuality "1"]
[WhiteTeam "Tajikistan"]
[BlackTeam "Belarus"]
[WhiteTeamCountry "TJK"]
[BlackTeamCountry "BLR"]

1. e4 c5 2. Nf3 Nc6 3. d4 cxd4 4. Nxd4 Nf6 5. Nc3 e5 6. Ndb5 d6 7. Bg5 a6 8. Na3 b5 9. Bxf6 gxf6 10. Nd5 Bg7 11. Bd3 Ne7 12. Nxe7 Qxe7 13. c4 f5 14. O-O O-O 15. Qf3 d5 16. cxd5 fxe4 17. Bxe4 Rb8 18. Rfd1 Qh4 19. g3 Qd8 20. d6 f5 21. d7 Bxd7 22. Bc6 Bxc6 23. Qxc6 Qb6 24. Rac1 e4 25. Rd7 Qxc6 26. Rxc6 Bxb2 27. Rxa6 f4 28. gxf4 Rxf4 29. Nc2 Rbf8 30. Rd2 Rg4+ 31. Kf1 Rh4 32. Kg2 Kh8 33. Ne3 Bc1 34. Re2 Rg8+ 35. Kh1 Bxe3 36. fxe3 Rh3 37. Rf6 Rh5 38. Rf1 Rd5 39. h3 Rgd8 40. Rf4 Rd2 41. Rxd2 Rxd2 42. Rxe4 Rxa2 43. Rb4 Ra3 44. Rxb5 Rxe3 45. Kg2 1/2-1/2

[Event "Warsaw AIG Life rapid 8th"]
[Site "Warsaw"]
[Date "2008.12.20"]
[Round "1"]
[White "Pac, Maciej"]
[Black "Zhigalko, Sergei"]
[Result "0-1"]
[WhiteElo "1833"]
[BlackElo "2592"]
[PlyCount "73"]
[EventDate "2008.12.20"]
[EventType "swiss (rapid)"]
[EventRounds "13"]
[EventCountry "POL"]
[SourceTitle "CBM 127 Extra"]
[Source "ChessBase"]
[SourceDate "2009.01.08"]
[SourceVersion "2"]
[SourceVersionDate "2009.01.28"]
[SourceQuality "1"]

1. e4 c5 2. Nf3 Nc6 3. d4 cxd4 4. Nxd4 Nf6 5. Nc3 e5 6. Ndb5 d6 7. Bg5 a6 8. Na3 b5 9. Nd5 Be7 10. Bxf6 Bxf6 11. c3 Bg5 12. h4 Bh6 13. g4 Bf4 14. Qf3 Be6 15. Nxf4 Qf6 16. Be2 exf4 17. O-O-O Ne5 18. g5 Qe7 19. Qg2 Bxa2 20. f3 O-O 21. Nc2 Bb3 22. Rd2 Bxc2 23. Kxc2 Rfc8 24. Kb1 Rab8 25. Qh2 b4 26. cxb4 Rxb4 27. Qxf4 a5 28. Qe3 a4 29. f4 Nd7 30. Bg4 Rcb8 31. Bxd7 Qxd7 32. Rhd1 Qb7 33. Qc3 Rb3 34. Qd4 Rb4 35. Qc3 Qxe4+ 36. Ka1 a3 37. Qc2 0-1

[Event "Warsaw AIG Life rapid 8th"]
[Site "Warsaw"]
[Date "2008.12.20"]
[Round "4"]
[White "Zhigalko, Sergei"]
[Black "Zeberski, Jakub"]
[Result "1-0"]
[WhiteElo "2592"]
[BlackElo "2398"]
[PlyCount "95"]
[EventDate "2008.12.20"]
[EventType "swiss (rapid)"]
[EventRounds "13"]
[EventCountry "POL"]
[SourceTitle "CBM 127 Extra"]
[Source "ChessBase"]
[SourceDate "2009.01.08"]
[SourceVersion "2"]
[SourceVersionDate "2009.01.28"]
[SourceQuality "1"]

1. e4 e5 2. Nf3 Nc6 3. Bb5 f5 4. Nc3 fxe4 5. Nxe4 Nf6 6. Nxf6+ Qxf6 7. Qe2 Be7 8. Bxc6 bxc6 9. Qxe5 O-O 10. O-O Qg6 11. Qxe7 Rxf3 12. d3 Bb7 13. Qxd7 c5 14. Qxc7 Bc6 15. g3 Rf7 16. Qe5 Qg4 17. f3 Rxf3 18. Bf4 Qh3 19. Qe2 Re8 20. Qxe8+ Bxe8 21. Rxf3 Bc6 22. Rf2 Qe6 23. c4 Bb7 24. Rd1 h6 25. b3 Kh7 26. Kf1 Qg4 27. Re1 Qh3+ 28. Ke2 Qe6+ 29. Kd2 Qa6 30. Kc1 Qf6 31. Kc2 a5 32. a4 Bc8 33. Be3 Qd6 34. Bd2 Qd8 35. Bc3 Kg6 36. Re5 Qd6 37. Rd5 Qe7 38. Re5 Qd6 39. Rf4 h5 40. h4 Kh6 41. Rg5 Bg4 42. Bxg7+ Kh7 43. Be5 Qe6 44. Rg7+ Kh6 45. Rf6+ Qxf6 46. Bxf6 Bd1+ 47. Kc3 Bxb3 48. g4 1-0

[Event "Warsaw AIG Life rapid 8th"]
[Site "Warsaw"]
[Date "2008.12.20"]
[Round "5"]
[White "Muzychuk, Anna"]
[Black "Zhigalko, Sergei"]
[Result "1-0"]
[WhiteElo "2508"]
[BlackElo "2592"]
[PlyCount "77"]
[EventDate "2008.12.20"]
[EventType "swiss (rapid)"]
[EventRounds "13"]
[EventCountry "POL"]
[SourceTitle "CBM 127 Extra"]
[Source "ChessBase"]
[SourceDate "2009.01.08"]
[SourceVersion "2"]
[SourceVersionDate "2009.01.28"]
[SourceQuality "1"]

1. e4 c5 2. Nf3 Nc6 3. Bb5 Nf6 4. e5 Nd5 5. Nc3 Nc7 6. Bxc6 dxc6 7. h3 h6 8. d3 Bf5 9. Qe2 Ne6 10. Ne4 g5 11. Bd2 Bg7 12. Bc3 Nf4 13. Qf1 c4 14. O-O-O cxd3 15. cxd3 Qd5 16. e6 f6 17. Nd4 Nxe6 18. Nxf5 Qxf5 19. Qe2 Qd5 20. Rhe1 Nf4 21. Qf3 O-O 22. g3 Ng6 23. h4 Qf7 24. Nc5 e5 25. d4 b6 26. Nb3 gxh4 27. gxh4 Nxh4 28. Qg4 Ng6 29. Rg1 Kh7 30. Qf5 Rg8 31. dxe5 Bf8 32. Rd7 Be7 33. exf6 Raf8 34. Qd3 Rd8 35. fxe7 Rxd7 36. Qxd7 Re8 37. Qd6 c5 38. Qf6 Qg8 39. f4 1-0

[Event "Warsaw AIG Life rapid 8th"]
[Site "Warsaw"]
[Date "2008.12.20"]
[Round "6"]
[White "Zhigalko, Sergei"]
[Black "Butkiewicz, Lukasz"]
[Result "1-0"]
[WhiteElo "2592"]
[BlackElo "2328"]
[PlyCount "113"]
[EventDate "2008.12.20"]
[EventType "swiss (rapid)"]
[EventRounds "13"]
[EventCountry "POL"]
[SourceTitle "CBM 127 Extra"]
[Source "ChessBase"]
[SourceDate "2009.01.08"]
[SourceVersion "2"]
[SourceVersionDate "2009.01.28"]
[SourceQuality "1"]

1. e4 c5 2. Nf3 d6 3. d4 cxd4 4. Qxd4 a6 5. Bc4 e6 6. Nc3 Nc6 7. Qd3 Nf6 8. Bf4 Be7 9. O-O-O b5 10. Bb3 Bb7 11. Bxd6 Bxd6 12. Qxd6 Qxd6 13. Rxd6 b4 14. e5 bxc3 15. exf6 cxb2+ 16. Kxb2 gxf6 17. Ba4 Ke7 18. Rxc6 Bxc6 19. Bxc6 Rab8+ 20. Kc1 Rhc8 21. Be4 Rc3 22. Nd4 Rb6 23. Nb3 a5 24. Kd2 Rc4 25. Bd3 Rg4 26. g3 a4 27. Nc5 a3 28. Nb3 Ra4 29. c4 f5 30. Rc1 Rb8 31. Kc3 Kd6 32. Re1 Raa8 33. Re3 Ra7 34. Rf3 Raa8 35. Rf4 Ke7 36. Rh4 Rh8 37. Nd4 Kf6 38. Nb5 h6 39. c5 Rhc8 40. Kb4 Rd8 41. Nd6 Kg6 42. Bb5 e5 43. Rc4 Kf6 44. Rc3 e4 45. Rxa3 Rxa3 46. Kxa3 Ra8+ 47. Kb3 Ke5 48. Nxf7+ Kd5 49. c6 Kc5 50. a4 h5 51. Ne5 Kb6 52. Nc4+ Kc7 53. Ne3 Rf8 54. a5 Kd6 55. Kc4 f4 56. gxf4 Rxf4 57. c7 1-0

[Event "Warsaw AIG Life rapid 8th"]
[Site "Warsaw"]
[Date "2008.12.20"]
[Round "8"]
[White "Zhigalko, Sergei"]
[Black "Adamski, Jan"]
[Result "1-0"]
[WhiteElo "2592"]
[BlackElo "2307"]
[PlyCount "93"]
[EventDate "2008.12.20"]
[EventType "swiss (rapid)"]
[EventRounds "13"]
[EventCountry "POL"]
[SourceTitle "CBM 127 Extra"]
[Source "ChessBase"]
[SourceDate "2009.01.08"]
[SourceVersion "2"]
[SourceVersionDate "2009.01.28"]
[SourceQuality "1"]

1. e4 c5 2. Nf3 e6 3. c3 d5 4. e5 d4 5. Bd3 Bd7 6. O-O Bc6 7. Re1 Ne7 8. b4 dxc3 9. dxc3 cxb4 10. cxb4 a6 11. a3 Ng6 12. Ra2 Nd7 13. Rd2 Qb8 14. Bb2 Bxf3 15. Qxf3 Ndxe5 16. Qg3 Nd7 17. Qf3 Nde5 18. Qg3 Nd7 19. Be4 Qxg3 20. hxg3 Rb8 21. Rc1 Nf6 22. Bf3 Be7 23. Bxb7 O-O 24. Bxa6 Nd5 25. Bc4 Bf6 26. Bxd5 Bxb2 27. Rxb2 exd5 28. Rd1 Rfd8 29. Rbd2 Rbc8 30. Kh2 Ne5 31. f3 f6 32. g4 Kf7 33. Rxd5 Rxd5 34. Rxd5 Rc2 35. Kg3 g5 36. b5 Ke6 37. Rd2 Rc1 38. Rb2 Nd3 39. b6 Rc8 40. b7 Rb8 41. Rb6+ Kd7 42. Nc3 Nc5 43. Ne4 Nxe4+ 44. fxe4 Kc7 45. Rb1 Rxb7 46. Rxb7+ Kxb7 47. Kf3 1-0

[Event "Warsaw AIG Life rapid 8th"]
[Site "Warsaw"]
[Date "2008.12.21"]
[Round "9"]
[White "Zozulia, Anna"]
[Black "Zhigalko, Sergei"]
[Result "0-1"]
[WhiteElo "2380"]
[BlackElo "2592"]
[PlyCount "96"]
[EventDate "2008.12.20"]
[EventType "swiss (rapid)"]
[EventRounds "13"]
[EventCountry "POL"]
[SourceTitle "CBM 127 Extra"]
[Source "ChessBase"]
[SourceDate "2009.01.08"]
[SourceVersion "2"]
[SourceVersionDate "2009.01.28"]
[SourceQuality "1"]

1. e4 c5 2. Nf3 Nc6 3. d4 cxd4 4. Nxd4 Nf6 5. Nc3 e5 6. Ndb5 d6 7. Bg5 a6 8. Na3 b5 9. Nd5 Be7 10. Bxf6 Bxf6 11. c3 Bg5 12. Nc2 Ne7 13. Ncb4 O-O 14. a4 bxa4 15. Qxa4 a5 16. Nxe7+ Qxe7 17. Nd5 Qb7 18. Qb5 Bd8 19. Qxb7 Bxb7 20. Bc4 Rb8 21. Ra2 g6 22. O-O Kg7 23. Rd1 Rc8 24. Be2 Rb8 25. Bc4 h5 26. Kf1 Rc8 27. Be2 Rb8 28. Bc4 Bc6 29. f3 f5 30. exf5 Rxf5 31. Ke2 Bg5 32. b3 e4 33. f4 Bxd5 34. Rxd5 Bxf4 35. Rxf5 gxf5 36. Rxa5 Kf6 37. g3 Be5 38. Kd2 h4 39. Ra7 hxg3 40. hxg3 Bxg3 41. Ke3 Be5 42. Rf7+ Kg6 43. Be6 Re8 44. Bd5 Rh8 45. b4 Rh3+ 46. Ke2 Rh2+ 47. Kd1 Bxc3 48. Be6 e3 0-1